• 首页
  • 本馆介绍
  • 公告通知
  • 最新文献
  • 馆藏检索
  • 电子资源
  • 读者导购
  • 参考咨询
  • 我的图书馆
  • 登录
  • 详细信息显示
  • 放入我的书架
  • 预约/预借图书
  • 作者相关作品
  • 分类相关作品
  • 丛书相关作品
  • 出版社相关作品

书目信息

  • 表格格式
  • 工作单格式
  • 卡片格式
题名:
中国自驾游地图集
    
 
作者: 邹伟 主编
分册:  
出版信息: 北京   中国旅游出版社  2010.09
页数: 408页
开本: 30cm
丛书名:
单 册:
中图分类: F512.99-64 , K992.9
科图分类:
主题词: 交通图--中国 , 旅游图--中国 , 交通图 , 旅游图
电子资源:
ISBN: 978-7-5032-3561-0
000 00901nam0 2200277 45
001 512
005 20120531161139.68
010    @a978-7-5032-3561-0@dCNY78.00
100    @a20120328d2010 em y0chiy0110 ea
101 0  @achi
102    @aCN@b110000
105    @aab z 001yy
106    @ar
200 1  @a中国自驾游地图集@AZhong Guo Zi Jia You Di Tu Ji@f邹伟主编@FZou Wei Zhu Bian@g《中国自驾游地图集》编委会编
210    @a北京@c中国旅游出版社@d2010.09
215    @a408页@c图@d30cm
330    @a本书以向广大自驾游爱好者提供专业的自驾出行资讯为宗旨,内容包括各省自驾资源概览、各省及周边经典自驾旅游线路推荐以及各省的大比例尺专业行车地图。
606 0  @a交通图@y中国
606 0  @a旅游图@y中国
606 0  @a交通图
606 0  @a旅游图
690    @aF512.99-64@v4
690    @aK992.9@v4
701  0 @a邹伟@AZou Wei@4主编
801  0 @aCN@bTSTCL@c20120328
905    @b0813255-59@dF512.99-64@e20@f5
    
    中国自驾游地图集/邹伟主编/《中国自驾游地图集》编委会编.-北京:中国旅游出版社,2010.09
    408页:图;30cm
    
    
    ISBN 978-7-5032-3561-0:CNY78.00
    本书以向广大自驾游爱好者提供专业的自驾出行资讯为宗旨,内容包括各省自驾资源概览、各省及周边经典自驾旅游线路推荐以及各省的大比例尺专业行车地图。
●
相关链接 在E读中查询图书 在五车中查询图书 在当当中查询图书 在豆瓣中查询图书


正题名:中国自驾游地图集     索取号:F512.99-64/20         预约/预借

序号 登录号 条形码 馆藏地/架位号 状态 备注
1 0813255   208132554   第一样本阅览室/ [索取号:F512.99-64/20] 在馆    
2 0813256   208132563   第一借阅区/ [索取号:F512.99-64/20] 在馆    
3 0813257   208132572   资源管理系资料室/ [索取号:F512.99-64/20] 在馆    
4 0813258   208132581   第一借阅区/ [索取号:F512.99-64/20] 在馆    
5 0813259   208132590   第一借阅区/ [索取号:F512.99-64/20] 在馆    
唐山师范学院图书馆 欢迎您!
大连网信软件有限公司© 版权所有